000 00391nam a2200145 i 4500
001 bg
100 1 _aTROFIMOVIC, N. V.
245 0 _aProektirovanie predvaritelno naprjażennych vantovych sistem /
_cN.V. Trofimovic, N.A. Permjakov.
260 _aKiev,
_c1970.
700 1 _aPERMJAKOV, N. A.
040 _cBPK
041 _apol
942 _cKS
008 s pl f |000 0 pol
999 _c12903
_d12903
856 _uhttp://koha.tu.koszalin.pl/cgi-bin/koha/opac-detail.pl?biblionumber=12903
_yKatalog online BPK